000 00607cam a2200193 a 4500
001 000006299
005 20200929153918.0
008 810327s1965 fr 000 0 fre
040 _aDO-SdBNP
_bspa
_cBNPHU
082 _a843.914
_bS247a
100 1 _aSarrazin, Albertine
_917584
245 1 2 _aL'astragale :
_broman /
_cAlbertine Sarrazin.
260 _a[París] :
_bJéan -Jacques Pauvert,
_c1965.
300 _a192 p. ;
_c17 cm.
490 1 _aLe Libre de Poche ;
_vno. 2418
650 4 _aNovela francesa
_91075
650 4 _aLiteratura francesa
_91074
830 0 _aLe Libre de Poche ;no. 2418
_vno. 2418
_917585
999 _c6094
_d6094